Rote-Meto comparative dictionary /

Bibliographic Details
Main Author: Edwards, Owen
Corporate Authors: JSTOR (Organization), Australian National University Press
Format: eBook
Language:English
Published: Canberra, ACT, Australia : Australian National University Press, [2021].
Series:Asia-Pacific Linguistics.
Subjects:
Online Access:Connect to the full text of this electronic book

MARC

Tag First Indicator Second Indicator Subfields
LEADER 00000cam a22000007i 4500
001 in00004635984
006 m o d
007 cr cnu---mpcba
008 210916t20212021acaa o 000 0deng d
005 20230103223604.8
035 |a (OCoLC)on1268255637 
040 |a ANV  |b eng  |e rda  |c ANV  |d OCLCO  |d ANV  |d AUNED  |d JSTOR  |d EBLCP  |d YDX  |d OCLCF  |d OCLCO 
019 |a 1290015093  |a 1290137278  |a 1290144985  |a 1290165876 
020 |a 9781760464578  |q (electronic bk.) 
020 |a 1760464570  |q (electronic bk.) 
020 |z 9781760464561  |q (print) 
035 |a (OCoLC)1268255637  |z (OCoLC)1290015093  |z (OCoLC)1290137278  |z (OCoLC)1290144985  |z (OCoLC)1290165876 
037 |a 22573/ctv25ksrkk  |b JSTOR 
050 4 |a PL6174 
082 0 4 |a 499.5  |2 23 
049 |a TXAM 
100 1 |a Edwards, Owen. 
245 1 0 |a Rote-Meto comparative dictionary /  |c Owen Edwards. 
264 1 |a Canberra, ACT, Australia :  |b Australian National University Press,  |c [2021]. 
264 4 |c ©2021 
300 |a 1 online resource (x, 456 pages) :  |b illustrations, maps 
336 |a text  |b txt  |2 rdacontent 
337 |a computer  |b c  |2 rdamedia 
338 |a online resource  |b cr  |2 rdacarrier 
347 |a text file  |b PDF 
490 1 |a Asia-Pacific Linguistics. 
504 |a Includes bibliographical references. 
505 0 |a 1. Introduction -- 2. Language background -- 3. Historical background -- 4. Rote-Meto - English -- 5. English - Rote-Meto -- 6. Proto-Rote-Meto - English. 
520 1 |a This comparative dictionary provides an initial bottom-up reconstruction of one low-level Austronesian subgroup of the linguistic area of Wallacea: the Rote-Meto subgroup. This work forms one part of the larger bottom-up reconstruction of languages in this region, which is needed to fully understand the history of these languages. 
542 |n Unless stated otherwise, the author retains copyright to their work while ANU Press retains exclusive worldwide rights for the distribution of the book. From 2018, the majority of ANU Press titles are published under a Creative Commons licence (CC BY-NC-ND; creativecommons.org/licenses/by-nc-nd/4.0/), which broadens the ways in which works can be used and distributed. Please refer to the copyright page of each book for more information on a specific title's copyright licensing. 
650 0 |a Austronesian languages  |v Dictionaries. 
650 4 |a Language & Linguistics. 
650 7 |a Austronesian languages.  |2 fast  |0 (OCoLC)fst00821614 
655 7 |a Electronic books.  |2 local 
655 7 |a Dictionaries.  |2 fast  |0 (OCoLC)fst01423826 
710 2 |a JSTOR (Organization) 
710 2 |a Australian National University Press. 
776 0 8 |i Print version:  |t Rote-Meto comparative dictionary.  |d Canberra, ACT, Australia : ANU Press, 2021  |z 9781760464561 
830 0 |a Asia-Pacific Linguistics. 
856 4 0 |u https://www.jstor.org/stable/10.2307/j.ctv25m8dmz  |z Connect to the full text of this electronic book  |t 0 
955 |a JSTOR Open Access ebooks 
994 |a 92  |b TXA 
999 f f |s fe8f72fa-72b3-4769-964d-4180de155447  |i 24177cd5-6602-49e0-a5c2-fa72e75b0f5d  |t 0 
952 f f |a Texas A&M University  |b College Station  |c Electronic Resources  |d Available Online  |t 0  |e PL6174   |h Library of Congress classification 
998 f f |a PL6174   |t 0  |l Available Online